| 000 | 00958cam a22002892 4500 | ||
|---|---|---|---|
| 999 |
_c10053 _d10053 |
||
| 001 | 10053 | ||
| 003 | BD - JhCC | ||
| 005 | 20180404193550.0 | ||
| 008 | 180404r19791978enkabcf 001 0beng d | ||
| 020 | _a0091365007 | ||
| 035 |
_aOCLC ocm16437528 from D970602M _a(BD - JhCC)10053 |
||
| 040 |
_aUKM _cUKM _dOCL _dEQO _dBD - JhCC |
||
| 041 | _aeng | ||
| 050 | 1 | _aE745.M3 | |
| 082 | 0 |
_a355.3/31/0924 _219 _bMAN 1978 |
|
| 100 | 1 |
_aManchester, William, _d1922-2004 |
|
| 245 | 1 | 0 |
_aAmerican Caesar : _bDouglas MacArthur, 1880-1964 / _cWilliam Manchester. |
| 260 |
_aLondon : _bHutchinson, _c1979. |
||
| 300 |
_axvii, 793 p., [8] p. of plates : _bill., maps (1 col.), ports. ; _c24 cm. |
||
| 500 | _aText on lining papers. | ||
| 500 | _aOriginally published: Boston, Mass. : Little, Brown, 1978. | ||
| 500 | _aIncludes index. | ||
| 504 | _aBibliography: p. 745-762. | ||
| 650 | 0 |
_aGenerals _zUnited States _vBiography. |
|
| 942 |
_2ddc _cREF |
||